000 00221nam a2200097Ia 4500
008 190216s9999||||xx |||||||||||||| ||und||
100 _aVasudevan Nair M T
245 0 _aNinte Ormakk
260 _bCurrent Books
942 _cBK
999 _c23523
_d23523